00811cam a2200277 a 45000010005000000030008000050050017000130080039000300350013000690350018000820400037001000410008001370820022001451000021001672450064001882500017002522600046002693000035003154900026003505040020003766500032003966500029004286510047004578300011005048300018005151619BD-RjUL20211208233355.0131208s1967 enka 001 0 eng a67-17866 a(BD-RjUL)1646 aDLCcWSUdm.cdOCLdBD-RjULbeng aeng04a301.441bSTC 19671 aStone, Lawrence.14aThe crisis of the aristocracy, 1558-1641 /cLawrence Stone. aAbridged ed. aOxford University Press :bLondon,cc1967 axiii, 363 p. :bill. ;c21 cm.1 aGalaxy book ;vGB 196 aIncludes index. 0aUpper classzGreat Britain. 0aNobilityzGreat Britain. 0aGreat BritainxCivilizationy16th century. 0vGB 196 0aGalaxy book ;